| 000 | 02209nam2a22004091 4500 | ||
|---|---|---|---|
| 001 | v19\rc\1344685 | ||
| 005 | 20260407064713.0 | ||
| 035 | _a(NLR Aleph) 005203923 | ||
| 090 |
_a5338523 _c5338523 |
||
| 100 | _a20060512d1865 |||y0rusy50 ca | ||
| 101 | 1 |
_arus _ceng |
|
| 102 | _aRU | ||
| 105 | _ay z ||||b | ||
| 200 | 1 |
_aКритические и исторические опыты _aКритические и биографические опыты _i[Фридрих Великий _iЗакон о народонаселении Садлера: (Продолжение) _iУтилитаризм: (Ст. 1-3) _iДжон Бониан _iВиллиам Питт _iОливер Гольдсмит _iСамюэль Джонсон _iБертран Барер] |
|
| 210 |
_aСанкт-Петербург _cМ.О. Вольф _d1865 |
||
| 215 | _a[4], 471 с. | ||
| 461 | 0 |
_1001v19\rc\1344671 _12001#$aПолное собрание сочинений$fМаколей$vТ. 14 _95338382 _aМаколей, Т. Б. (1800-1859) _cСанкт-Петербург _d1860-1866 _fМаколей _nН. Тиблен _p16 т. _tПолное собрание сочинений _vТ. 14 |
|
| 702 | 1 |
_aСадлер _bМ.Т. _f1780-1835 _gМихаил Томас _4570 |
|
| 702 | 1 |
_4570 _8rus _7ca _aБеньян _bД. _f1628-1688 _gДжон _3RU\NLR\AUTH\77102425 _985351 |
|
| 702 | 1 |
_9z05790 _aПитт _bВ. _f1759-1806 _gВильям _4570 |
|
| 702 | 1 |
_aГольдсмит _bО. _f1728-1774 _gОливер _4570 |
|
| 702 | 1 |
_aБарер _bБ. _f1755-1841 _gБертран _4570 |
|
| 702 | 0 |
_4570 _8rus _7ca _aФридрих _cкороль прусский _dII Великий _f1712-1786 _3RU\NLR\AUTH\7715139 _9124799 |
|
| 702 | 1 |
_4570 _8rus _7ca _aДжонсон _bС. _f1709-1784 _gСэмюэл _3RU\NLR\AUTH\7751216 _934150 |
|
| 790 | 1 |
_9z05702 _aПитт _bУ. _f1759-1806 _gУильям |
|
| 801 | 0 |
_aRU _bNLR _c20060512 _gpsbo |
|
| 801 | 0 |
_aRU _bRuMoRGB _c20060512 _2psbo |
|
| 801 | 1 |
_aRU _bProSoft-M _c20060512 _2rusmarc |
|
| 801 | 2 |
_aRU _bNLR _c20070730 _2rusmarc |
|
| 852 |
_aNLR _bМф _jК1/32215 |
||
| 852 |
_aNLR _j18.38.4.8(14) |
||
| 852 |
_aNLR _j130/2369(14) |
||
| 852 |
_aNLR _bМф _jК1/8728 |
||
| 942 | _cBOOK | ||
| 980 | _aNB | ||
| 980 | _ahounb | ||